Načítá se...

Educational and psychological measurement /

Podrobná bibliografie
Další autoři: Payne, David A.
Médium: Printed Book
Jazyk:English
Témata:
LEADER 00420nam a2200121Ia 4500
008 150624b xxu||||| |||| 00| 0 eng d
082 |a 370.15 
245 |a Educational and psychological measurement / 
650 |x Educational psychology. 
700 |a Payne, David A. 
942 |c BK 
999 |c 17213  |d 17213 
952 |0 1  |1 0  |4 0  |6 370_150000000000000_PAY_E  |7 0  |9 17212  |a UL  |b UL  |c ST1  |d 1998-09-01  |l 0  |o 370.15 PAY/E  |p 26460  |r 2012-10-27  |w 2012-10-27  |y BK